000
00273nam a2200121Ia 4500
005
20251222152043.0
008
251222s9999||||xx |||||||||||||| ||spa||
082
_a
551/C76
245
0
_a
Reporte de Efectividad 2014:
250
_a
1ra.ed.
264
_b
Cosude
942
_c
LIB
999
_c
26139
_d
26139